LA CIVILTÀ CATTOLICA. ANNO IV. SERIE II. VOL. III. 1853. (Record n. 329846)
[ formato base ]
| 000 -LEADER | |
|---|---|
| fixed length control field | 01965nas a2200277Ia 4500 |
| 001 - CONTROL NUMBER | |
| control field | R050-S1247 |
| 003 - CONTROL NUMBER IDENTIFIER | |
| control field | IT-CnALBA |
| 008 - FIXED-LENGTH DATA ELEMENTS--GENERAL INFORMATION | |
| fixed length control field | 170116c99999999xx |||||||||||| ||und|| |
| 040 ## - CATALOGING SOURCE | |
| Original cataloging agency | IT-CnALBA |
| Transcribing agency | IT-CnALBA |
| 041 ## - LANGUAGE CODE | |
| Language code of text/sound track or separate title | ITALIANO |
| 999 ## - SYSTEM CONTROL NUMBERS (KOHA) | |
| Koha Dewey Subclass [OBSOLETE] | SI |
| 100 ## - MAIN ENTRY--PERSONAL NAME | |
| Personal name | SOLARO CLEMENTE DELLA MARGHERITA |
| 210 ## - ABBREVIATED TITLE | |
| Abbreviated title | LA CIVILTÀ CATTOLICA |
| 222 ## - KEY TITLE | |
| Key title | LA CIVILTÀ CATTOLICA |
| 245 #0 - TITLE STATEMENT | |
| Title | LA CIVILTÀ CATTOLICA. ANNO IV. SERIE II. VOL. III. 1853. |
| Remainder of title | RIVISTA CULTURALE |
| 250 ## - EDITION STATEMENT | |
| Edition statement | 1a ed. |
| 260 ## - PUBLICATION, DISTRIBUTION, ETC. (IMPRINT) | |
| Place of publication, distribution, etc. | ROMA |
| Name of publisher, distributor, etc. | LA CIVILTÀ CATTOLICA EDIZIONI |
| Date of publication, distribution, etc. | 1853 [1° Ed.:1853 - Ed.Ling.Originale: 1853] |
| 300 ## - PHYSICAL DESCRIPTION | |
| Extent | 720 p. |
| 310 ## - CURRENT PUBLICATION FREQUENCY | |
| Current publication frequency | QUINDICINALE |
| 362 ## - DATES OF PUBLICATION AND/OR SEQUENTIAL DESIGNATION | |
| Dates of publication and/or sequential designation | Fascicolo: 3 / Anno: 4 (1853) |
| 500 ## - GENERAL NOTE | |
| General note | LE NOSTRE CRONACHE CONTEMPORANEE. SOVRANITÀ POPOLO. L'ORFANELLA. EVIDENZA INDIVIDUALE. TEORICA SUL MATRIMONIO. ORIGINE DEL MATRIMONIO CIVILE IN PIEMONTE. LA SOCIETÀ. IN ATTO. IL PROBLEMA FILOSOFICO NEL TEMPO PRESENTE. AUTOCRAZIA ENTE. UNA CONVERTITA. CARTESIA. IL PROTETTORATO RUSSO. RISPOSTE STAMPA ITALIANA. CRONACHE CONTEMPORANEE. SAGGIO SUI DIRITTI FONDAMENTALI DEL DIRITTO FILOSOFICO. MILANO E I PRINCIPI DI SAVOIA. CASATI A. EVIDENZA DEL CRISTIANESIMO. FANTASTICI M. GLI ANNUALI DELLA FILOSOFIA CRISTIANA E LA CIVILTÀ CATTOLICA. |
| 501 ## - WITH NOTE | |
| With note | Società San Paolo EM - Piazza San Paolo, 14 - 12051 ALBA (CN) (non commercial uses only) ® Copyright 2017 |
| 520 ## - SUMMARY, ETC. | |
| Summary, etc. | LE NOSTRE CRONACHE CONTEMPORANEE. SOVRANITÀ POPOLO. L'ORFANELLA. EVIDENZA INDIVIDUALE. TEORICA SUL MATRIMONIO. ORIGINE DEL MATRIMONIO CIVILE IN PIEMONTE. LA SOCIETÀ. IN ATTO. IL PROBLEMA FILOSOFICO NEL TEMPO PRESENTE. AUTOCRAZIA ENTE. UNA CONVERTITA. CARTESIA. IL PROTETTORATO RUSSO. RISPOSTE STAMPA ITALIANA. CRONACHE CONTEMPORANEE. SAGGIO SUI DIRITTI FONDAMENTALI DEL DIRITTO FILOSOFICO. MILANO E I PRINCIPI DI SAVOIA. CASATI A. EVIDENZA DEL CRISTIANESIMO. FANTASTICI M. GLI ANNUALI DELLA FILOSOFIA CRISTIANA E LA CIVILTÀ CATTOLICA. |
| 650 ## - SUBJECT ADDED ENTRY--TOPICAL TERM | |
| Topical term or geographic name as entry element | RIVISTA CULTURALE |
| 942 ## - ADDED ENTRY ELEMENTS (KOHA) | |
| Koha item type | RIVISTA |
| 957 ## - | |
| -- | 1 |
| 999 ## - SYSTEM CONTROL NUMBERS (KOHA) | |
| -- | 1 |
| Withdrawn status | Lost status | Damaged status | Not for loan | Home library | Current library | Date acquired | Total Checkouts | Full call number | Date last seen | Price effective from | Koha item type | Public note |
|---|---|---|---|---|---|---|---|---|---|---|---|---|
| Buone Condizioni | Not For Loan | ALBA - Biblioteca | ALBA - Biblioteca | 16/01/2017 | R050-S1247 | 16/01/2017 | 16/01/2017 | RIVISTA | (data import: 16 gennaio 2017) - By Epidotti, Vaglietti. |